ბათუმის შოთა რუსთაველის სახელმწიფო უნივერსიტეტის ბიბლიოთეკა

PRINCIPLES OF URBAN RETAIL : (ბიბ.ჩანაწერი № 41081)

000 -LEADER
fixed length control field 00669nam a2200217Ia 4500
001 - CONTROL NUMBER
control field 7730
003 - CONTROL NUMBER IDENTIFIER
control field GE_BSU
005 - DATE AND TIME OF LATEST TRANSACTION
control field 20220923105226.0
008 - FIXED-LENGTH DATA ELEMENTS--GENERAL INFORMATION
fixed length control field 181216s2012ge xx |||||||||||||| ||geo||
020 ## - INTERNATIONAL STANDARD BOOK NUMBER
International Standard Book Number 9781118122303 (e-bk).
040 ## - CATALOGING SOURCE
Transcribing agency GE_BSU
041 ## - LANGUAGE CODE
Language code of text/sound track or separate title geo
080 ## - UNIVERSAL DECIMAL CLASSIFICATION NUMBER
Universal Decimal Classification number 711.011 G-53
100 ## - MAIN ENTRY--PERSONAL NAME
Personal name GIBBS,ROBERT J.
9 (RLIN) 14714
245 ## - TITLE STATEMENT
Title PRINCIPLES OF URBAN RETAIL :
Remainder of title PLANNING AND DEVELOPMENT /
Statement of responsibility, etc. ROBERT J. GIBBS
264 ## - PRODUCTION, PUBLICATION, DISTRIBUTION, MANUFACTURE, AND COPYRIGHT NOTICE
Place of production, publication, distribution, manufacture America :
Name of producer, publisher, distributor, manufacturer WILEY,
Date of production, publication, distribution, manufacture, or copyright notice 2012.
300 ## - PHYSICAL DESCRIPTION
Extent 227 p;
Other physical details 24 cm.
653 ## - INDEX TERM--UNCONTROLLED
keyword RINCIPLES OF URBAN RETAIL.
653 ## - INDEX TERM--UNCONTROLLED
keyword ურბანული საცალო ვაჭრობის პრინციპები.
942 ## - ADDED ENTRY ELEMENTS (KOHA)
Koha item type წიგნი
Source of classification or shelving scheme
ეგზემპლარები
Withdrawn status Lost status Source of classification or shelving scheme Damaged status Not for loan Permanent Location Current Location Shelving location Date acquired Cost, normal purchase price Full call number Barcode Date last seen Copy number Price effective from Koha item type Public note
          ბათუმის შოთა რუსთაველის სახელმწიფო უნივერსიტეტის მთავარი ბიბლიოთეკა ტექნოლოგიური ფაკულტეტის ბიბლიოთეკა წიგნსაცავი 2018-12-17 132.00 711.011 G-53 24111 2018-12-17 24111 2018-12-17 წიგნი 132.00